[Event "29th Czech Open A 2018"]
[Site "Pardubice CZE"]
[Date "2018.07.20"]
[Round "1.1"]
[White "Van Foreest, Jorden"]
[Black "Lye, Lik Zang"]
[Result "1-0"]
[WhiteTitle "GM"]
[WhiteElo "2640"]
[BlackElo "2270"]
[WhiteFideId "1039784"]
[BlackFideId "5712181"]
[EventDate "2018.07.20"]

1. e4 c5 2. Nc3 Nc6 3. Nf3 d6 4. d4 cxd4 5. Nxd4 Nf6 6. Bg5 Bd7 7. Qd2 Rc8 8.
O-O-O Nxd4 9. Qxd4 Qa5 10. Bxf6 gxf6 11. Kb1 Qc5 12. Qd2 Bg7 13. f4 f5 14. e5
O-O 15. exd6 e6 16. h4 Bxc3 17. bxc3 Qxc3 18. Rh3 Qxd2 19. Rg3+ Kh8 20. Rxd2 Rg8
21. Ra3 a6 22. Rb3 b5 23. Kb2 Kg7 24. Ra3 Rc6 25. Be2 Rgc8 26. Bf3 Rb6 27. Rc3
Rxc3 28. Kxc3 a5 29. Rd1 Kf6 30. Kd4 Rxd6+ 31. Kc5 Rxd1 32. Bxd1 b4 33. Kb6 a4
34. Kc5 e5 35. fxe5+ Kxe5 36. Kxb4 f4 37. Bf3 Kd4 38. c3+ Kd3 39. c4 Kc2 40. a3 1-0

[Event "29th Czech Open A 2018"]
[Site "Pardubice CZE"]
[Date "2018.07.20"]
[Round "1.2"]
[White "Nazaryev, Sergey"]
[Black "Paravyan, David"]
[Result "0-1"]
[BlackTitle "GM"]
[WhiteElo "2269"]
[BlackElo "2638"]
[WhiteFideId "4114191"]
[BlackFideId "4194985"]
[EventDate "2018.07.20"]

1. d4 Nf6 2. Nf3 g6 3. g3 Bg7 4. Bg2 O-O 5. O-O d6 6. c3 Nbd7 7. Bg5 h6 8. Bxf6
Nxf6 9. Nbd2 c6 10. Re1 Qc7 11. e4 e5 12. dxe5 dxe5 13. Nc4 Rd8 14. Qe2 Ne8 15.
Bf1 Be6 16. Qc2 b5 17. Ne3 Nd6 18. h4 a5 19. Kh2 Rf8 20. Bh3 Bxh3 21. Kxh3 f5
22. exf5 gxf5 23. Ng2 Rae8 24. Rad1 Kh8 25. h5 Kg8 26. Nfh4 Rf6 27. f4 Rf7 28.
a4 bxa4 29. Qxa4 Ne4 30. Rxe4 fxe4 31. Qxe4 Rd8 32. Re1 Qd7+ 33. f5 Qd2 34. Re2
Qd1 35. Ng6 Qh1+ 36. Kg4 Qf1 37. Re1 Qb5 38. Re2 Bf6 39. Rf2 Qd5 40. Qa4 Bg5 41.
Re2 Rxf5 42. Qe4 Qxe4+ 43. Rxe4 Rf2 44. N2h4 Bxh4 45. Kxh4 Re8 46. Kg4 Rxb2 47.
Kf5 Rf2+ 48. Kg4 Kg7 49. Ra4 e4 50. Rxa5 e3 51. Nf4 Rxf4+ 52. gxf4 e2 0-1

[Event "29th Czech Open A 2018"]
[Site "Pardubice CZE"]
[Date "2018.07.20"]
[Round "1.3"]
[White "Movsesian, Sergei"]
[Black "Dhulipalla, Bala Chandra Prasad"]
[Result "1-0"]
[WhiteTitle "GM"]
[BlackTitle "IM"]
[WhiteElo "2635"]
[BlackElo "2268"]
[WhiteFideId "310204"]
[BlackFideId "25005812"]
[EventDate "2018.07.20"]

1. e4 e5 2. Nf3 Nc6 3. Bc4 Nf6 4. d3 h6 5. O-O d6 6. a4 g5 7. c3 Bg7 8. Na3 O-O
9. Nc2 Ne7 10. Re1 c6 11. Ba2 Ng6 12. Ne3 Qc7 13. Nd2 Be6 14. Ndf1 Rfe8 15. Ng3
Nh4 16. Nh5 Nh7 17. g3 Ng6 18. Nf5 Bxf5 19. exf5 Ne7 20. Qf3 Bh8 21. h4 Qd7 22.
g4 d5 23. hxg5 Nxg5 24. Bxg5 hxg5 25. Kg2 f6 26. Rh1 Kf7 27. Qh3 Rg8 28. Rae1
Kf8 29. d4 Re8 30. dxe5 fxe5 31. Ng3 Nc8 32. Ne4 Qg7 33. Nc5 Re7 34. c4 b6 35.
Ne6+ Rxe6 36. fxe6 Ne7 37. cxd5 Ng6 38. Qa3+ 1-0

[Event "29th Czech Open A 2018"]
[Site "Pardubice CZE"]
[Date "2018.07.20"]
[Round "1.4"]
[White "Krak, Tomas"]
[Black "Bernadskiy, Vitaliy"]
[Result "0-1"]
[WhiteTitle "FM"]
[BlackTitle "GM"]
[WhiteElo "2268"]
[BlackElo "2586"]
[WhiteFideId "14903750"]
[BlackFideId "14100371"]
[EventDate "2018.07.20"]

1. e4 c5 2. Nf3 Nc6 3. Nc3 d6 4. d4 cxd4 5. Nxd4 Nf6 6. Bb5 Bd7 7. Bg5 e6 8.
Bxc6 bxc6 9. Qf3 h6 10. Bh4 c5 11. Nb3 Rb8 12. O-O-O g5 13. Bg3 e5 14. Nd5 Nxd5
15. Rxd5 g4 16. Qc3 Qg5+ 17. Kb1 Be6 18. Rhd1 Bxd5 19. Rxd5 Be7 20. Na5 O-O 21.
Nc6 Rb6 22. Na5 f5 23. exf5 Qxf5 24. Nc4 Rc6 25. Ne3 Qe6 26. Qc4 h5 27. h4 gxh3
28. gxh3 Rb6 29. a3 h4 30. Bh2 Rxf2 31. Ng4 Rd2 32. Nh6+ Kh8 0-1

[Event "29th Czech Open A 2018"]
[Site "Pardubice CZE"]
[Date "2018.07.20"]
[Round "1.5"]
[White "Stocek, Jiri"]
[Black "Meleshko, Vladimir"]
[Result "1-0"]
[WhiteTitle "GM"]
[BlackTitle "FM"]
[WhiteElo "2586"]
[BlackElo "2268"]
[WhiteFideId "304760"]
[BlackFideId "14111055"]
[EventDate "2018.07.20"]

1. d4 Nf6 2. Nf3 e6 3. c4 d5 4. Nc3 Be7 5. Bg5 O-O 6. Qc2 c5 7. dxc5 d4 8. O-O-O
Nc6 9. e3 e5 10. Bxf6 Bxf6 11. Nd5 Be6 12. a3 Bxd5 13. cxd5 Qxd5 14. Kb1 b6 15.
Bd3 bxc5 16. Bxh7+ Kh8 17. Be4 Qd6 18. Rc1 Be7 19. Bxc6 Qxc6 20. Nxe5 Qxg2 21.
Qf5 g6 22. Qf4 Kg7 23. Rhg1 Qd5 24. Qf5 Qd6 25. exd4 Qf6 26. Qe4 Rfe8 27. dxc5
Rac8 28. Ng4 Qa6 29. Qd4+ 1-0

[Event "29th Czech Open A 2018"]
[Site "Pardubice CZE"]
[Date "2018.07.20"]
[Round "1.6"]
[White "Suleymanli, Aydin"]
[Black "Sengupta, Deep"]
[Result "0-1"]
[WhiteTitle "FM"]
[BlackTitle "GM"]
[WhiteElo "2266"]
[BlackElo "2565"]
[WhiteFideId "13413937"]
[BlackFideId "5008352"]
[EventDate "2018.07.20"]

1. d4 d5 2. c4 e6 3. Nc3 c6 4. e3 Nf6 5. Nf3 Nbd7 6. b3 Bb4 7. Bd2 O-O 8. Bd3
Bd6 9. O-O Re8 10. Qc2 a6 11. e4 dxc4 12. Bxc4 b5 13. e5 bxc4 14. bxc4 c5 15.
exd6 cxd4 16. Nxd4 Qb6 17. Nce2 Qxd6 18. Rac1 e5 19. c5 Qd5 20. Nb3 Bb7 21. c6
Rac8 22. Na5 Ba8 23. Rfd1 Nb8 24. Be1 Qe6 25. c7 Nc6 26. Nxc6 Rxc7 27. Qa4 Rxc6
28. Rxc6 Qxc6 29. Qxc6 Bxc6 30. Rd6 Rc8 31. f3 Ne8 32. Rd1 f6 33. Bb4 Kf7 34.
Nc3 g5 35. Kf2 h5 36. h3 h4 37. Rc1 Rd8 38. Nd1 Bb5 39. Nc3 Bc6 40. a3 Ke6 41.
Ne4 Bb5 42. Ba5 Rd4 43. Bb6 Rc4 44. Rxc4 Bxc4 45. Bd8 Bb5 46. Ke1 Kf5 47. Kf2
Bd3 48. Nc5 Bc4 49. Ne4 Kg6 50. Be7 Bd3 51. Nc5 Bb5 52. a4 Bc4 53. Ne4 Bd5 54.
Nc5 Bc6 55. a5 Bb5 56. Ne4 Kf7 57. Bd8 Ke6 58. Ke3 Bc4 59. Nc5+ Kf7 60. Ne4 Kg6
61. Kf2 f5 62. Nc5 Nf6 63. Bc7 e4 64. fxe4 fxe4 65. Bd8 g4 66. Bxf6 g3+ 67. Ke3
Kxf6 68. Nxe4+ Kg6 69. Nxg3 hxg3 70. Kf4 Kf6 71. Kxg3 Ke5 72. Kf2 Kd4 73. Ke1
Kc3 74. Kd1 Kb2 75. Kd2 Bf1 76. g4 Bxh3 77. g5 Bf5 78. g6 Bxg6 79. Kd1 Bd3 80.
Kd2 Bc2 81. Ke2 Kc3 82. Ke1 Kd3 83. Kf2 Bd1 84. Ke1 Be2 85. Kf2 Kd2 86. Kg1 Ke3
87. Kg2 Bd3 88. Kg1 Kf3 89. Kh2 Kf2 90. Kh1 Be4+ 91. Kh2 Bc6 92. Kh3 Kg1 93. Kg3
Bg2 94. Kf4 Kf2 95. Kg4 Bf1 96. Kf4 Bb5 97. Ke4 Ke2 98. Kd4 Kd2 99. Ke4 Be2 100.
Kd4 Bd3 101. Kc5 Kc3 102. Kd5 Bg6 103. Kc5 Be4 104. Kb6 Bd3 105. Kc5 Bc4 106.
Kd6 Kb4 0-1

[Event "29th Czech Open A 2018"]
[Site "Pardubice CZE"]
[Date "2018.07.20"]
[Round "1.7"]
[White "Vorobiov, Evgeny E."]
[Black "Becker, Dirk"]
[Result "1-0"]
[WhiteTitle "GM"]
[WhiteElo "2564"]
[BlackElo "2265"]
[WhiteFideId "4121341"]
[BlackFideId "12938564"]
[EventDate "2018.07.20"]

1. d4 Nf6 2. c4 e6 3. Nf3 d5 4. Nc3 dxc4 5. e3 a6 6. a4 c5 7. Bxc4 Nc6 8. O-O
Be7 9. Ne5 cxd4 10. Nxc6 bxc6 11. exd4 O-O 12. Bf4 a5 13. Qd3 Qb6 14. Be5 Ba6
15. b3 Nd7 16. Bg3 Rfd8 17. Rfd1 Nf8 18. Ne4 f5 19. Nc5 Bxc4 20. bxc4 Bxc5 21.
dxc5 Qxc5 22. Bd6 Qa7 23. c5 Qf7 24. Qf3 Rdc8 25. Rab1 Ra7 26. Rb6 Qe8 27. Rdb1
Rf7 28. Rb8 Nd7 29. Rxc8 Qxc8 30. Qb3 Nf8 31. Qb8 Qxb8 32. Rxb8 g5 33. Rc8 Kg7
34. Rxc6 Kf6 35. h4 Ng6 36. hxg5+ Kxg5 37. Ra6 Rb7 38. c6 Rb1+ 39. Kh2 Rc1 40.
c7 1-0

[Event "29th Czech Open A 2018"]
[Site "Pardubice CZE"]
[Date "2018.07.20"]
[Round "1.8"]
[White "Petrova, Kristyna"]
[Black "Boruchovsky, Avital"]
[Result "0-1"]
[WhiteTitle "WIM"]
[BlackTitle "GM"]
[WhiteElo "2264"]
[BlackElo "2558"]
[WhiteFideId "309672"]
[BlackFideId "2800055"]
[EventDate "2018.07.20"]

1. e4 c5 2. Nf3 d6 3. d4 cxd4 4. Nxd4 Nf6 5. Nc3 a6 6. Be3 e5 7. Nf3 Qc7 8. a4
h6 9. a5 Be6 10. Nd5 Bxd5 11. exd5 Nbd7 12. h3 Be7 13. Be2 O-O 14. O-O Nh7 15.
Nd2 Bg5 16. Bxg5 Nxg5 17. c4 f5 18. b4 Kh8 19. Qb1 Qd8 20. Qb2 Rc8 21. Rac1 Qe7
22. Rce1 Nf6 23. Bd3 Nh5 24. Qb1 Nxh3+ 25. gxh3 Qg5+ 26. Kh1 Qxd2 27. Bxf5 Rxc4
28. Bg4 Qxd5+ 0-1

[Event "29th Czech Open A 2018"]
[Site "Pardubice CZE"]
[Date "2018.07.20"]
[Round "1.9"]
[White "Nguyen, Thai Dai Van"]
[Black "Elgersma, Simon"]
[Result "1-0"]
[WhiteTitle "GM"]
[WhiteElo "2546"]
[BlackElo "2263"]
[WhiteFideId "358878"]
[BlackFideId "1046101"]
[EventDate "2018.07.20"]

1. e4 e6 2. d4 d5 3. Nc3 Nf6 4. e5 Nfd7 5. f4 c5 6. Nf3 Nc6 7. Be3 Be7 8. Qd2 a6
9. Be2 O-O 10. O-O b5 11. a3 Bb7 12. Nd1 b4 13. axb4 cxb4 14. Bd3 a5 15. Ng5
Bxg5 16. fxg5 Ba6 17. Bxa6 Rxa6 18. Qe2 Qc8 19. Rf3 Ne7 20. Bd2 Rc6 21. Ne3 Qc7
22. Raf1 Qa7 23. Qf2 Qxd4 24. Rxf7 Rcc8 25. c3 Qe4 26. cxb4 axb4 27. h3 Qg6 28.
Rf4 Rxf4 29. Qxf4 Nc6 30. Bxb4 Nxb4 31. Qxb4 Qxg5 32. Ng4 Rf8 33. Rxf8+ Nxf8 34.
Qc3 h5 35. Nh2 Qf4 36. Nf3 g5 37. Qd4 Qc1+ 38. Kh2 Ng6 39. b4 Nf4 40. Qb6 g4 41.
Qd8+ Kg7 42. Qf6+ Kg8 43. Ng5 g3+ 44. Kxg3 Ne2+ 45. Kf2 Qg1+ 46. Kxe2 Qxg2+ 47.
Kd3 Qg3+ 48. Kc2 Qg2+ 49. Kb3 Qg3+ 50. Ka4 1-0

[Event "29th Czech Open A 2018"]
[Site "Pardubice CZE"]
[Date "2018.07.20"]
[Round "1.10"]
[White "Maltsevskaya, Aleksandra"]
[Black "Plat, Vojtech"]
[Result "1/2-1/2"]
[BlackTitle "GM"]
[WhiteElo "2261"]
[BlackElo "2543"]
[WhiteFideId "24174041"]
[BlackFideId "325740"]
[EventDate "2018.07.20"]

1. e4 c5 2. Nf3 Nc6 3. d4 cxd4 4. Nxd4 g6 5. Nc3 Bg7 6. Be3 Nf6 7. Bc4 Qa5 8.
O-O O-O 9. Bb3 d6 10. h3 Bd7 11. f4 Rac8 12. Nf3 Qc7 13. Qe1 Qa5 14. Rd1 b6 15.
Qf2 Be6 16. Nd4 Bxb3 17. axb3 Qh5 18. Nxc6 Rxc6 19. Nd5 Nxd5 20. Rxd5 f5 21.
exf5 e6 22. Rd2 Qxf5 23. c4 Qh5 24. Kh2 g5 25. Qg3 Rf5 26. Rdf2 Rc8 27. fxg5 Be5
28. Bf4 Rxg5 1/2-1/2

[Event "29th Czech Open A 2018"]
[Site "Pardubice CZE"]
[Date "2018.07.20"]
[Round "1.11"]
[White "Mozharov, Mikhail"]
[Black "Hollan, Petr"]
[Result "1-0"]
[WhiteTitle "GM"]
[BlackTitle "FM"]
[WhiteElo "2542"]
[BlackElo "2260"]
[WhiteFideId "4189825"]
[BlackFideId "360945"]
[EventDate "2018.07.20"]

1. d4 Nf6 2. c4 e6 3. Nf3 Bb4+ 4. Bd2 a5 5. g3 b6 6. Bg2 Ba6 7. Qc2 O-O 8. O-O
d5 9. Ne5 Ra7 10. cxd5 Nxd5 11. Nc3 Bxc3 12. Bxc3 Nxc3 13. bxc3 Bb7 14. Bxb7
Rxb7 15. Rfd1 c6 16. c4 Qc7 17. Qe4 Rc8 18. Qf3 c5 19. dxc5 bxc5 20. Qe4 Rb6 21.
Rab1 Rxb1 22. Rxb1 Nd7 23. Nd3 h6 24. Rb7 Qd6 25. Ra7 Nf6 26. Qb7 Rf8 27. Rxa5
Qd4 28. Rxc5 Qa1+ 29. Kg2 Qxa2 30. Qf3 Qa7 31. Rb5 Rc8 32. Ne5 Qd4 33. h3 Rf8
34. Qd3 Qa1 35. Qe3 Qa8+ 36. Qf3 Qa4 37. g4 Qc2 38. Rb7 Qc1 39. h4 Qa1 40. Rb5
Qc1 41. e3 Qa1 42. g5 hxg5 43. hxg5 Nh7 44. Qg4 Qa8+ 45. Nf3 Qc6 46. Re5 g6 47.
Qh4 Ra8 48. Re4 Ra5 49. Rg4 Rf5 50. e4 Ra5 51. Rg3 Ra7 52. Rh3 f5 53. gxf6 Qc5
54. Qh6 Nf8 55. Ng5 Qxg5+ 1-0

[Event "29th Czech Open A 2018"]
[Site "Pardubice CZE"]
[Date "2018.07.20"]
[Round "1.12"]
[White "Tsvetkov, Andrey"]
[Black "Zakhartsov, Viacheslav V."]
[Result "0-1"]
[WhiteTitle "CM"]
[BlackTitle "GM"]
[WhiteElo "2259"]
[BlackElo "2539"]
[WhiteFideId "34139360"]
[BlackFideId "4115333"]
[EventDate "2018.07.20"]

1. d4 Nf6 2. c4 e6 3. Nc3 Bb4 4. e3 O-O 5. Bd3 d5 6. cxd5 exd5 7. Ne2 Re8 8. O-O
Bd6 9. Bd2 b6 10. a3 a5 11. Rb1 c5 12. dxc5 bxc5 13. Ng3 Bb7 14. Nb5 Bf8 15. Bc3
Nbd7 16. b4 d4 17. exd4 cxb4 18. axb4 a4 19. Bd2 Nb6 20. Re1 Qd5 21. Bf1 Qd7 22.
Bg5 Rxe1 23. Qxe1 Re8 24. Qd2 Nfd5 25. Bd3 Ba6 26. Na3 Bxd3 27. Qxd3 Nxb4 28.
Qd2 N4d5 29. Nc2 a3 30. Qd3 Qa4 31. Ne4 Qc4 32. Qxc4 Nxc4 33. f3 f5 34. Nc5 h6
35. Bc1 a2 36. Ra1 Re2 37. Rxa2 Nc3 38. Kf1 Nxa2 39. Kxe2 Nxc1+ 40. Kd1 Na2 41.
Ke2 Kf7 42. Kd3 Nb6 43. g4 g6 44. h4 h5 45. gxf5 gxf5 46. Ne3 Nb4+ 47. Ke2 Kf6
48. Ne4+ fxe4 49. fxe4 Bh6 50. Nf5 Bf4 51. Kf3 N6d5 52. Ke2 Ne7 0-1

[Event "29th Czech Open A 2018"]
[Site "Pardubice CZE"]
[Date "2018.07.20"]
[Round "1.13"]
[White "Stefansson, Hannes"]
[Black "Hiti, Domen"]
[Result "1/2-1/2"]
[WhiteTitle "GM"]
[WhiteElo "2536"]
[BlackElo "2259"]
[WhiteFideId "2300087"]
[BlackFideId "14606798"]
[EventDate "2018.07.20"]

1. d4 d5 2. c4 c6 3. cxd5 cxd5 4. Bf4 Nc6 5. e3 e6 6. Nc3 Bd6 7. Bxd6 Qxd6 8.
Bd3 Nf6 9. Rc1 O-O 10. f4 Nb4 11. Bb1 Ne4 12. Nf3 f5 13. g4 Nxc3 14. Rxc3 Bd7
15. gxf5 exf5 16. a3 Nc6 17. Kf2 b5 18. Ne5 b4 19. axb4 Nxb4 20. Rg1 1/2-1/2

[Event "29th Czech Open A 2018"]
[Site "Pardubice CZE"]
[Date "2018.07.20"]
[Round "1.14"]
[White "Perov, German"]
[Black "Gonda, Laszlo"]
[Result "1-0"]
[BlackTitle "GM"]
[WhiteElo "2256"]
[BlackElo "2534"]
[WhiteFideId "44111410"]
[BlackFideId "720852"]
[EventDate "2018.07.20"]

1. e4 e5 2. Nf3 Nc6 3. Nc3 Nf6 4. d4 exd4 5. Nxd4 Bc5 6. Be3 Bb6 7. Qd2 Ng4 8.
Nxc6 bxc6 9. Bxb6 axb6 10. Be2 d6 11. h3 Ne5 12. O-O-O O-O 13. f4 Nd7 14. g4 b5
15. a3 Nb6 16. g5 Be6 17. f5 Bc4 18. f6 Re8 19. Nb1 Bxe2 20. Qxe2 Re5 21. h4 Qe8
22. fxg7 Rxe4 23. Qh5 Nd5 24. Nd2 Nf4 25. Qf3 Ne2+ 26. Kb1 Re3 27. Qf2 b4 28. h5
bxa3 29. g6 Nd4 30. Nc4 fxg6 31. Qf8+ 1-0

[Event "29th Czech Open A 2018"]
[Site "Pardubice CZE"]
[Date "2018.07.20"]
[Round "1.15"]
[White "Babula, Vlastimil"]
[Black "Stein, Robert"]
[Result "1-0"]
[WhiteTitle "GM"]
[WhiteElo "2533"]
[BlackElo "2253"]
[WhiteFideId "301264"]
[BlackFideId "12921084"]
[EventDate "2018.07.20"]

1. d4 Nf6 2. c4 e6 3. Nf3 d5 4. Bg5 Be7 5. Nc3 O-O 6. e3 Ne4 7. Bxe7 Qxe7 8. Rc1
Nxc3 9. Rxc3 c6 10. Be2 Nd7 11. O-O dxc4 12. Bxc4 e5 13. Bb3 exd4 14. exd4 Nf6
15. Re1 Qd6 16. Ne5 Nd5 17. Rg3 Bf5 18. Qf3 Bg6 19. h4 Nf6 20. Rg5 Qxd4 21. h5
Nxh5 22. Rxg6 hxg6 23. Bxf7+ Rxf7 24. Qxf7+ Kh8 25. Nxg6+ Kh7 26. Ne5 Nf4 27. g3
Qb4 28. Qf5+ Kg8 29. Re4 Rf8 30. gxf4 1-0

[Event "29th Czech Open A 2018"]
[Site "Pardubice CZE"]
[Date "2018.07.20"]
[Round "1.17"]
[White "Praggnanandhaa, R"]
[Black "Houska, Jiri"]
[Result "1-0"]
[WhiteTitle "IM"]
[WhiteElo "2529"]
[BlackElo "2248"]
[WhiteFideId "25059530"]
[BlackFideId "316377"]
[EventDate "2018.07.20"]

1. Nf3 c5 2. g3 Nc6 3. Bg2 g6 4. O-O Bg7 5. c3 Nf6 6. d4 cxd4 7. cxd4 d5 8. Nc3
Ne4 9. Bf4 Nxc3 10. bxc3 O-O 11. Rb1 Qa5 12. Qb3 Bf5 13. Rb2 b6 14. Ng5 Rad8 15.
Rd1 h6 16. Nf3 Be4 17. Bh3 Bxf3 18. exf3 e5 19. Be3 exd4 20. cxd4 Qa6 21. Bf1
Qb7 22. Qa4 Nb8 23. Rc1 Rc8 24. Rbc2 a6 25. Qb3 Rxc2 26. Qxc2 b5 27. Qc5 Rd8 28.
Bf4 Bf8 29. Qc3 Bg7 30. Bh3 Qa7 31. Qc7 Qxc7 32. Bxc7 Re8 33. Bb6 f5 34. Rc7 Bf8
35. Ba7 Bd6 36. Rb7 Nc6 37. Rb6 Nxa7 38. Rxd6 Kf7 39. Rxa6 Nc8 40. Bf1 Re1 41.
Kg2 Rb1 42. g4 Ne7 43. h4 b4 44. Ra4 Nc6 45. gxf5 gxf5 46. Bd3 Rb2 47. Bxf5 Nxd4
48. Bd3 Ne2 49. Bxe2 Rxe2 50. Rxb4 Rxa2 51. Rb6 Kg7 52. Rd6 Rd2 53. Kg3 d4 54.
f4 Rd1 55. f5 d3 56. f6+ Kf7 57. Kg4 Rf1 58. f4 d2 59. Rxd2 Kxf6 60. Rd6+ Kg7
61. Kf5 Rh1 62. Rd7+ Kg8 63. Kg6 Rg1+ 64. Kxh6 Rg4 65. f5 Rxh4+ 66. Kg6 Rg4+ 67.
Kf6 Ra4 68. Rd8+ Kh7 69. Ke7 Ra7+ 70. Rd7 Ra8 71. Rb7 Rc8 72. Ra7 Rb8 73. Kf7
Rc8 74. Re7 Ra8 75. Rb7 Rc8 76. Ra7 Rb8 77. f6 Rb1 78. Re7 Rb8 79. Re6 Rb7+ 80.
Kf8 Rb8+ 81. Re8 Rb1 82. f7 Rb7 83. Re1 Rb8+ 84. Ke7 Rb7+ 85. Kf6 Rb6+ 86. Re6
Rb8 87. Re8 1-0

[Event "29th Czech Open A 2018"]
[Site "Pardubice CZE"]
[Date "2018.07.20"]
[Round "1.18"]
[White "Gan-Erdene, Sugar"]
[Black "Shyam, Sundar M."]
[Result "1/2-1/2"]
[BlackTitle "GM"]
[WhiteElo "2247"]
[BlackElo "2527"]
[WhiteFideId "4902980"]
[BlackFideId "5019141"]
[EventDate "2018.07.20"]

1. e4 c5 2. Nf3 e6 3. d4 cxd4 4. Nxd4 Nc6 5. Nc3 d6 6. Be3 Nf6 7. Be2 Be7 8. O-O
O-O 9. f4 e5 10. Nb3 exf4 11. Bxf4 Be6 12. Kh1 Rc8 13. Nd4 Ne5 14. Nxe6 fxe6 15.
Qd4 Qa5 16. Bd2 Qb6 17. Qxb6 axb6 18. Rae1 Rfd8 19. Be3 Nfd7 20. Rd1 Nc4 21. Bc1
Nce5 22. Be3 Nc5 23. Bd4 Bf6 24. Bb5 Ncd7 25. Bg1 Nf7 26. Bd4 Nfe5 27. Bg1 Nf7
28. Bd4 Nfe5 1/2-1/2

[Event "29th Czech Open A 2018"]
[Site "Pardubice CZE"]
[Date "2018.07.20"]
[Round "1.19"]
[White "Steinberg, Nitzan"]
[Black "Dushyant, Sharma"]
[Result "1-0"]
[WhiteTitle "GM"]
[BlackTitle "FM"]
[WhiteElo "2521"]
[BlackElo "2243"]
[WhiteFideId "2801795"]
[BlackFideId "25065130"]
[EventDate "2018.07.20"]

1. e4 e5 2. Nf3 Nc6 3. Bb5 a6 4. Ba4 Nf6 5. Nc3 b5 6. Bb3 Bc5 7. d3 h6 8. Nd5 d6
9. c3 O-O 10. Nxf6+ Qxf6 11. Bd5 Bd7 12. Rg1 h5 13. h3 Rae8 14. g4 hxg4 15. hxg4
Ne7 16. Bb3 d5 17. Bg5 Qb6 18. Qd2 dxe4 19. Nxe5 Bc8 20. d4 Bd6 21. Bxe7 Bxe7
22. g5 Be6 23. Qf4 Bxb3 24. axb3 Bd6 25. Rh1 Bxe5 26. dxe5 Qg6 27. O-O-O f5 28.
gxf6 Kf7 29. Rdg1 Rh8 30. fxg7+ 1-0

[Event "29th Czech Open A 2018"]
[Site "Pardubice CZE"]
[Date "2018.07.20"]
[Round "1.20"]
[White "Ristoja, Samu"]
[Black "Noe, Christopher"]
[Result "0-1"]
[BlackTitle "IM"]
[WhiteElo "2239"]
[BlackElo "2520"]
[WhiteFideId "504025"]
[BlackFideId "24692018"]
[EventDate "2018.07.20"]

1. e4 e5 2. Bc4 Nf6 3. Nc3 Bc5 4. d3 Nc6 5. Nge2 Ng4 6. Ng3 Bxf2+ 7. Kf1 d6 8.
Qf3 O-O 9. Nf5 Bxf5 10. exf5 h5 11. h3 Nd4 12. Qd1 Qh4 13. hxg4 Qxh1+ 14. Kxf2
Qh4+ 15. Kf1 Qh1+ 16. Kf2 Qh4+ 17. Kf1 hxg4 18. Ne2 Nxf5 19. Qe1 Qh1+ 20. Ng1
Rae8 21. Bd5 Re6 22. Ke2 c6 23. Be4 Nd4+ 24. Kd1 f5 0-1

[Event "29th Czech Open A 2018"]
[Site "Pardubice CZE"]
[Date "2018.07.20"]
[Round "1.21"]
[White "Deepan, Chakkravarthy J."]
[Black "Mahalakshmi, M"]
[Result "1-0"]
[WhiteTitle "GM"]
[BlackTitle "WIM"]
[WhiteElo "2519"]
[BlackElo "2238"]
[WhiteFideId "5011132"]
[BlackFideId "5001080"]
[EventDate "2018.07.20"]

1. e3 Nf6 2. Nf3 e6 3. b3 b6 4. Bb2 Bb7 5. c4 c5 6. Nc3 Nc6 7. Be2 Be7 8. a3 O-O
9. Qc2 d5 10. d3 d4 11. exd4 Nxd4 12. Qd1 Qd7 13. O-O Qc6 14. Nb1 Rfd8 15. Bxd4
Rxd4 16. Nbd2 Rdd8 17. Re1 Bd6 18. Bf1 Bf4 19. Qc2 Rd7 20. b4 Rad8 21. h3 h6 22.
Rab1 Ba8 23. Rb3 Qc7 24. Qc3 Bxd2 25. Nxd2 Rd4 26. Rb2 R4d7 27. Nb3 cxb4 28.
axb4 Nd5 29. Qd2 Nf4 30. d4 Ng6 31. b5 Ne7 32. Bd3 Qb7 33. f3 Qc7 34. Qe3 Qg3
35. f4 Qh4 36. Kh2 Qf6 37. Qe5 Nc8 38. Ra2 Qh4 39. Rea1 Qe7 40. Ra4 Rd6 41. Be2
Qh4 42. Qe3 Qf6 43. c5 bxc5 44. dxc5 Qg6 45. Qf2 R6d7 46. c6 Rd5 47. Bf3 Rxb5
48. Nd4 Rb6 49. c7 Rd7 50. Bxa8 Rxc7 51. Bf3 Qd3 52. Rd1 Qc3 53. Ne2 Qb2 54. Qe3
Qc2 55. Rd8+ 1-0

[Event "29th Czech Open A 2018"]
[Site "Pardubice CZE"]
[Date "2018.07.20"]
[Round "1.22"]
[White "Chudinovskikh, Alexander M"]
[Black "Jarmula, Lukasz"]
[Result "1/2-1/2"]
[WhiteTitle "IM"]
[BlackTitle "IM"]
[WhiteElo "2237"]
[BlackElo "2512"]
[WhiteFideId "4106083"]
[BlackFideId "1160664"]
[EventDate "2018.07.20"]

1. e4 c5 2. Nf3 d6 3. Bb5+ Bd7 4. Bxd7+ Qxd7 5. c4 Nf6 6. Nc3 g5 7. Nxg5 Rg8 8.
d3 h6 9. Nh3 Rxg2 10. Nf4 Rg8 11. Ncd5 Nxd5 12. cxd5 Na6 13. Bd2 Nc7 14. Qh5 Rg5
15. Qf3 1/2-1/2

[Event "29th Czech Open A 2018"]
[Site "Pardubice CZE"]
[Date "2018.07.20"]
[Round "1.23"]
[White "Kobo, Ori"]
[Black "Varitski, Igor"]
[Result "1-0"]
[WhiteTitle "GM"]
[BlackTitle "IM"]
[WhiteElo "2508"]
[BlackElo "2235"]
[WhiteFideId "2812320"]
[BlackFideId "14102862"]
[EventDate "2018.07.20"]

1. d4 f5 2. Bf4 c5 3. e3 e6 4. g4 fxg4 5. h3 g3 6. Bxg3 Nf6 7. Bg2 Nc6 8. d5
Nxd5 9. Bxd5 exd5 10. Qxd5 Qf6 11. Nc3 Qf7 12. O-O-O Qxd5 13. Nxd5 Kf7 14. Nf3
Be7 15. Nc7 Rb8 16. Nd5 Ra8 17. Nxe7 Nxe7 18. Ne5+ Ke6 19. Nxd7 b6 20. Rd6+ Kf7
21. Ne5+ Ke8 22. e4 Bb7 23. f3 Ng6 24. Re6+ Kf8 25. Nxg6+ hxg6 26. Bd6+ Kg8 27.
Rxg6 Rh6 28. Rxh6 gxh6 29. Rg1+ Kf7 30. Bf4 h5 31. Rg5 Rh8 32. h4 Ba6 33. Kd2
Bc4 34. b3 Be6 35. Be5 Rh7 36. f4 Bg4 37. f5 Ke8 38. Rg8+ Kd7 39. Ke3 b5 40. Ra8
Kc6 41. Rc8+ Kb6 42. Bd6 1-0

[Event "29th Czech Open A 2018"]
[Site "Pardubice CZE"]
[Date "2018.07.20"]
[Round "1.24"]
[White "Kupervaser, Erez"]
[Black "Christiansen, Johan-Sebastian"]
[Result "0-1"]
[BlackTitle "IM"]
[WhiteElo "2234"]
[BlackElo "2506"]
[WhiteFideId "2814587"]
[BlackFideId "1512668"]
[EventDate "2018.07.20"]

1. Nc3 c5 2. d4 cxd4 3. Qxd4 Nc6 4. Qh4 d5 5. e4 d4 6. Nd5 Nf6 7. Nxf6+ exf6 8.
Bd2 Qb6 9. b3 Bb4 10. Nf3 O-O 11. a3 Bxd2+ 12. Nxd2 Ne5 13. Be2 Qc7 14. O-O Qxc2
15. Rfd1 Be6 16. f4 d3 17. Bh5 Ng6 18. Qg3 Qc5+ 19. Qf2 Qxh5 20. f5 Ne5 0-1